| 000 | 00383nam a2200157Ia 4500 | ||
|---|---|---|---|
| 001 | R-2023 | ||
| 003 | CODICE-MESSINA | ||
| 005 | 20260212102526.0 | ||
| 008 | 260211s9999 xx 000 0 und d | ||
| 040 | _cimportazione_messina | ||
| 100 | _aShlomo Venezia | ||
| 245 | 0 | _aSonderkommando Auschwitz | |
| 245 | 0 | _bLa verita sulle camereagas | |
| 260 | _bRizzoli | ||
| 942 |
_2ddc _cBK |
||
| 999 |
_c28531 _d28531 |
||